| 000 | 00482nam a2200145 a 4500 | ||
|---|---|---|---|
| 001 | 000028564 | ||
| 005 | 20200930055018.0 | ||
| 008 | 110411s19uu dr 000 0 spa d | ||
| 040 |
_aDO-SdBNP _bspa _cBNPHU |
||
| 082 |
_axxx _bM296c |
||
| 100 | 1 |
_aMañón, Darío A., _922930 |
|
| 245 | 1 | 0 |
_aComo evitar el cansancio de los ejecutivos y ayudantes de empresas, industrias y profesionales / _cDarío A. Mañón. |
| 260 |
_aSanto Domingo : _b[s.n.], _c[19--?]. |
||
| 300 |
_a38 p. ; _c21 cm. |
||
| 999 |
_c28056 _d28056 |
||